<?xml version="1.0" encoding="UTF-8"?>
<record
    xmlns:xsi="http://www.w3.org/2001/XMLSchema-instance"
    xsi:schemaLocation="http://www.loc.gov/MARC21/slim http://www.loc.gov/standards/marcxml/schema/MARC21slim.xsd"
    xmlns="http://www.loc.gov/MARC21/slim">

  <leader>01180nem a22002777a 4500</leader>
  <controlfield tag="005">20200104041740.0</controlfield>
  <controlfield tag="008">160421b2002    CK ||||| |a|| 00| 0 spa d</controlfield>
  <datafield tag="040" ind1=" " ind2=" ">
    <subfield code="a">CO-BoIAVH</subfield>
    <subfield code="c">CO-BoIAVH</subfield>
  </datafield>
  <datafield tag="041" ind1=" " ind2=" ">
    <subfield code="a">spa</subfield>
  </datafield>
  <datafield tag="044" ind1=" " ind2=" ">
    <subfield code="a">ck</subfield>
  </datafield>
  <datafield tag="090" ind1=" " ind2=" ">
    <subfield code="a">MC-</subfield>
    <subfield code="b">0020</subfield>
  </datafield>
  <datafield tag="110" ind1="2" ind2=" ">
    <subfield code="a">Instituto de Investigaci&#xF3;n de Recursos Biol&#xF3;gicos Alexander von Humboldt.</subfield>
    <subfield code="9">204</subfield>
  </datafield>
  <datafield tag="245" ind1="1" ind2=" ">
    <subfield code="a">Cobertura vegetal y uso suelos zona piloto Pe&#xF1;as Blancas</subfield>
    <subfield code="b">Proyecto de representatividad y caracterizaci&#xF3;n ecol&#xF3;gica r&#xE1;pida de los corredores de conservaci&#xF3;n para el SIRAP- Huila</subfield>
    <subfield code="c">Instituto de Investigaci&#xF3;n de recursos biol&#xF3;gicos Alexander Von Humboldt.</subfield>
    <subfield code="h">[Material Cartogr&#xE1;fico]</subfield>
  </datafield>
  <datafield tag="255" ind1=" " ind2=" ">
    <subfield code="a">1:100.000</subfield>
  </datafield>
  <datafield tag="260" ind1=" " ind2=" ">
    <subfield code="a">Bogot&#xE1;</subfield>
    <subfield code="b">Instituto de Investigaci&#xF3;n de Recursos Biol&#xF3;gicos Alexander von Humboldt.</subfield>
    <subfield code="c">2002</subfield>
  </datafield>
  <datafield tag="300" ind1=" " ind2=" ">
    <subfield code="a">1 mapa ;</subfield>
    <subfield code="b">Color</subfield>
    <subfield code="c">28 x 42 cm.</subfield>
  </datafield>
  <datafield tag="650" ind1=" " ind2="6">
    <subfield code="a">Suelos cultivables</subfield>
    <subfield code="9">70148</subfield>
  </datafield>
  <datafield tag="650" ind1=" " ind2="6">
    <subfield code="a">Bosques</subfield>
    <subfield code="9">92270</subfield>
  </datafield>
  <datafield tag="650" ind1=" " ind2="6">
    <subfield code="a">Cultivos</subfield>
    <subfield code="9">97107</subfield>
  </datafield>
  <datafield tag="650" ind1=" " ind2="6">
    <subfield code="a">Geograf&#xED;a</subfield>
    <subfield code="9">92259</subfield>
  </datafield>
  <datafield tag="650" ind1=" " ind2="6">
    <subfield code="a">Hidrograf&#xED;a</subfield>
    <subfield code="9">5361</subfield>
  </datafield>
  <datafield tag="650" ind1=" " ind2="6">
    <subfield code="a">Carreteras</subfield>
    <subfield code="9">70153</subfield>
  </datafield>
  <datafield tag="651" ind1=" " ind2=" ">
    <subfield code="a">Pe&#xF1;as Blancas</subfield>
    <subfield code="z">Colombia</subfield>
    <subfield code="9">70154</subfield>
  </datafield>
  <datafield tag="710" ind1=" " ind2=" ">
    <subfield code="a">Corporaci&#xF3;n Aut&#xF3;noma Regional del Alto Magdalena</subfield>
    <subfield code="b">Colombia</subfield>
    <subfield code="9">70155</subfield>
  </datafield>
  <datafield tag="942" ind1=" " ind2=" ">
    <subfield code="2">z</subfield>
    <subfield code="c">Mapa</subfield>
  </datafield>
  <datafield tag="999" ind1=" " ind2=" ">
    <subfield code="c">18319</subfield>
    <subfield code="d">18319</subfield>
  </datafield>
  <datafield tag="952" ind1=" " ind2=" ">
    <subfield code="0">0</subfield>
    <subfield code="1">0</subfield>
    <subfield code="2">z</subfield>
    <subfield code="4">0</subfield>
    <subfield code="7">0</subfield>
    <subfield code="8">CARTOGRAFI</subfield>
    <subfield code="a">Bogota</subfield>
    <subfield code="b">Bogota</subfield>
    <subfield code="d">2016-04-21</subfield>
    <subfield code="l">0</subfield>
    <subfield code="o">MC-0020</subfield>
    <subfield code="p">040026</subfield>
    <subfield code="r">2016-04-21 00:00:00</subfield>
    <subfield code="t">Ej. 1</subfield>
    <subfield code="w">2016-04-21</subfield>
    <subfield code="y">Mapa</subfield>
  </datafield>
</record>
